ATLAS PANORAMATICKEJ RADIODIAGNOSTIKY

Bibliographic Details
Main Authors: Jenča, Andrej (Author), Ďurovič, Eugen, 1937-2021 (Author), Klemová, Jarmila (Author)
Format: Article
Language:Slovak

MARC

LEADER 00000nab a2200000ua 4500
001 vtls010824278
003 SK-MaSNL
005 20260303182657.0
008 230222s2008 xo |||||||||||||||||slo|
035 |a (urnnbn)urn:nbn:sk:snk:ar-a06505 
035 |a urn:nbn:sk:snk-ab5qu5 
035 |a (uuid)310d3450-1047-4373-a116-3e8b7b38ca8a 
040 |a SNKBUCL  |b slo  |c SNKBUCL  |e AACR2 
041 0 |a slo 
044 |a xo  |c SK 
100 1 |a Jenča, Andrej  |4 aut  |9 541675 
245 1 0 |a ATLAS PANORAMATICKEJ RADIODIAGNOSTIKY  |c Andrej Jenča, Eugen Ďurovič, Jarmila Klemová 
700 1 |a Ďurovič, Eugen,  |d 1937-2021  |4 aut  |9 225785 
700 1 |a Klemová, Jarmila  |4 aut  |9 19379 
773 0 |t Stomatológ : časopis Slovenskej komory zubných lekárov  |g Roč. 18, č. 2 (2008), s. 32 
954 |a odborná, vedecká literatúra pôvodná (slovenská)  |2 lita 
958 |a OND 
958 |a EUIPO 
958 |a article5 
999 |c 2117821  |d 2119751